| 000 | 00451nam a22001697a 4500 | ||
|---|---|---|---|
| 003 | MACL | ||
| 005 | 20160306150556.0 | ||
| 008 | 160306b xxu||||| |||| 00| 0 eng d | ||
| 040 | _cMACL | ||
| 041 | _aHindi | ||
| 082 | _a891.433 | ||
| 100 |
_aमैक्सिम गॉर्की _943616 |
||
| 245 | _aटानिया | ||
| 260 |
_aबनारस _bसाहित्य सेवक |
||
| 650 |
_aStories _943617 |
||
| 942 |
_2ddc _cHIN |
||
| 999 |
_c53482 _d53482 |
||